Biggest Cities in the World Ending in 'a' - Statistics

General Stats
  • This quiz has been taken 365 times
  • The average score is 17 of 26
Answer Stats
# Population Region Answer % Correct
1 31.3 Mill Asia Jakarta
92%
6 12.4 Mill Africa Kinshasa
83%
2 25.7 Mill Asia Manila
83%
9 9.6 Mill Americas Bogota
82%
4 17.7 Mill Asia Osaka
81%
3 20.2 Mill Asia Dhaka
80%
8 10.1 Mill Americas Lima
80%
14 5.8 Mill Africa Alexandria
76%
5 16.8 Mill Asia Kolkata
72%
17 5.05 Mill Asia Ankara
70%
10 8.15 Mill Africa Luanda
70%
16 5.1 Mill Africa Accra
69%
22 4.0 Mill Americas Brasilia
69%
25 3.525 Mill Africa Abuja
66%
19 4.775 Mill Europe Barcelona
64%
23 3.8 Mill Africa Addis Ababa
63%
13 5.85 Mill Americas Atlanta
63%
20 4.475 Mill Africa Casablanca
62%
15 5.35 Mill Americas Guadalajara
59%
7 10.5 Mill Asia Nagoya
57%
11 7.35 Mill Americas Philadelphia
57%
25 3.525 Mill Africa Kampala
49%
12 6.1 Mill Asia Surabaya
41%
24 3.675 Mill Americas Fortaleza
37%
21 4.375 Mill Americas Tampa
35%
18 4.925 Mill Asia Changsha
27%
No matching quizzes found
Score Distribution
Percent of People with Each Score
Percentile by Number Answered
Your Score History
You have not taken this quiz